Estadísticas para Presidentes de España

Haz click aquí para intentar la prueba.

Estadísticas generales

  • Esta prueba ha sido intentada 169 veces
  • La puntuación promedio es 5 de 7

Estadísticas de respuestas

HintRespuesta% Correcto
2011-2019Mariano Rajoy Brey
96%
2004-2011José Luis Rodríguez Zapatero
91%
1996-2004José María Aznar López
88%
2018- AhoraPedro Sánchez Pérez-Castejón
85%
1982-1996Felipe González-Márquez
65%
1979-1981Adolfo Suarez González
62%
1981-1982Leopoldo Calvo Sotelo
52%

Distribución de puntuación

Porcentaje por número respondido

Porcentaje de gente con cada puntuación

Historial de tus puntuaciones

No has intentado esta prueba.